01966cam a2200361 a 4500999001700000001000900017003000400026005001700030008004100047010001700088015001900105016001800124020004300142020004000185035002400225040004700249050002400296082001800320100002700338245011400365260004200479300006500521500005100586505062900637600002301266650003201289650002201321650002401343700002401367906004501391942004301436952012501479 c25406d2540615574114OSt20170131115219.0090105s2010 mauaf b 001 0 eng  a 2008055768 aGBA9764102bnb7 a0153413572Uk a9780262013284 (hardcover : alk. paper) a0262013282 (hardcover : alk. paper) a(OCoLC)ocn297222796 aDLCcDLCdBTCTAdYDXCPdC#PdCDXdUKMdDLC00aRC78.7.N83T445 200900a616.07/542221 aTheis, Fabian J.d200910aBiomedical signal analysis :bcontemporary methods and applications /cFabian J. Theis and Anke Meyer-Bäse. aCambridge, Mass. :bMIT Press,c2009. axiii, 415 p., [8] p. of plates :bill. (some col.) ;c24 cm. aIncludes bibliographical references and index.0 aFoundations of medical imaging and signal recording -- Spectral transformations -- Information theory and principal component analysis -- Independent component analysis and blind source separation -- Dependent component analysis -- Pattern recognition techniques -- Fuzzy clustering and genetic algorithms -- Exploratory data analysis methods for fMRI -- Low-frequency functional connectivity in fMRI -- Classification of dynamic breast MR image data -- Dynamic cerebral contrast-enhanced perfusion MRI -- Skin lesion classification -- Microscopic slice image processing and automatic labeling -- NMR water artifact removal. 2Diagnostic imaging 0aMagnetic resonance imaging. 0aImage processing. 0aDiagnostic imaging.1 aMeyer-Bäse, Anke. a7bcbccorignewd1eecipf20gy-gencatlg 2lcccBOOKShRC78.7.N83T445 2009k32997 00102lcc4070aMUCbMUCcTECHd2017-01-31eDonation(BFA)l0oRC78.7.N83T445 2009p32997r2018-07-10w2017-01-31yBOOKS